| 000 | 00636nam a2200217Ia 4500 | ||
|---|---|---|---|
| 003 | OSt | ||
| 005 | 20250129145203.0 | ||
| 008 | 210210b1982 xxu||||| |||| 00| 0 eng d | ||
| 040 | _cAL | ||
| 041 | _aKannada | ||
| 082 | _aK894.3 NERD | ||
| 100 |
_aNERELLA RAMALAKSHMI. _d ನೆರೆಲ್ಲ ರಾಮಲಕ್ಷ್ಮಿ _9196092 |
||
| 245 |
_aDipa belagitu _bದೀಪ ಬೆಳಗಿತು |
||
| 260 |
_aBengaluru _bBhagyalakshmi Prakashana _c1982 |
||
| 300 | _aiv,124 | ||
| 650 |
_aVamshi _9196093 |
||
| 690 |
_aKannada Fiction _9196094 |
||
| 700 |
_aVamshi. _dವಂಶಿ tr _9196095 |
||
| 906 | _a035956 | ||
| 942 |
_2ddc _cBK |
||
| 999 |
_c86328 _d86328 |
||